|
|
|
|
| LEADER |
00000nas a2200000 i 4500 |
| 001 |
ssj0001550060 |
| 003 |
WaSeSS |
| 005 |
20200512172242.0 |
| 006 |
m d |
| 007 |
cr n |
| 008 |
130611c20149999enkfr p s 0 0eng c |
| 010 |
|
|
|a 2015252124
|
| 015 |
|
|
|a GBB440412
|2 bnb
|
| 016 |
7 |
|
|a 016429352
|2 Uk
|
| 022 |
|
|
|a 2052-9023
|l 2052-9015
|y 2052-9015
|
| 035 |
|
|
|a (WaSeSS)ssj0001550060
|
| 037 |
|
|
|b Cambridge University Press, The Edinburgh Bldg, Shaftesbury Rd, Cambridge, CB2 8RU United Kingdom
|
| 040 |
|
|
|a NLE
|b eng
|e pn
|c NLE
|d OCLCO
|d YULAW
|d OCLCF
|d TXA
|d EUX
|d WAU
|d DLC
|d COO
|d AU@
|d UKMGB
|d HUL
|d OCLCQ
|d WaSeSS
|
| 042 |
|
|
|a pcc
|
| 043 |
|
|
|a a------
|
| 050 |
1 |
4 |
|a KNC90
|
| 082 |
0 |
4 |
|a 340.115095
|2 23
|
| 222 |
|
0 |
|a Asian journal of law and society
|b (Online)
|
| 245 |
0 |
0 |
|a Asian journal of law and society
|h [electronic resource].
|
| 246 |
1 |
|
|a AsianJLS
|
| 260 |
|
|
|a [Cambridge, UK] :
|b Cambridge University Press :
|b KoGuan Law School, Shanghai Jiao Tong University,
|c [2014]-
|
| 310 |
|
|
|a Semiannual
|
| 362 |
1 |
|
|a Began with: Volume 1, issue 1 (May 2014).
|
| 506 |
|
|
|a License restrictions may limit access.
|
| 550 |
|
|
|a "Published with the KoGuan Law School, Shanghai Jiao Tong University."
|
| 588 |
|
|
|a Description based on: Volume 1, issue 1 (May 2014); title from PDF cover (Cambridge journals online, viewed April 15, 2015).
|
| 588 |
|
|
|a Latest issue consulted: Volume 2, issue 1 (May 2015) (Cambridge journals online, viewed April 15, 2015).
|
| 650 |
|
0 |
|a Sociological jurisprudence
|z Asia
|v Periodicals.
|
| 650 |
|
0 |
|a Law
|z Asia
|v Periodicals.
|
| 650 |
|
7 |
|a Law.
|2 fast
|0 (OCoLC)fst00993678
|
| 650 |
|
7 |
|a Sociological jurisprudence.
|2 fast
|0 (OCoLC)fst01123856
|
| 651 |
|
7 |
|a Asia.
|2 fast
|0 (OCoLC)fst01240495
|
| 655 |
|
0 |
|a Electronic journals.
|
| 710 |
2 |
|
|a Shanghai jiao tong da xue.
|b Koguan fa xue yuan.
|
| 776 |
0 |
8 |
|i Print version:
|t Asian journal of law and society
|x 2052-9015
|w (DLC) 2015217093
|w (OCoLC)881738756
|
| 856 |
4 |
0 |
|z Full text available from Research Library: 05/01/2014 to 1 year ago
|u https://search.proquest.com/publication/2035939
|